000
00231nam a2200109Ia 4500
100
_a
Wilson/ Harvey
942
_c
RB
654
_a
Hand Book
245
_a
Tool Engineers Hand Book
260
_b
McGraw Hill
_c
2001
546
_a
ENGLISH
999
_c
20211
_d
20211